Expansion of Public School Expenditures and Enrollments Intercountry Evidence on the Effects of Income, Prices, and Population Growth

Guardado en:
Detalles Bibliográficos
Autor principal: Schultz, T. Paul
Formato: Libro
Lenguaje:inglés
Publicado: New Haven Yale University 1988
Edición:1. ed.
Colección:Center Paper No.410
Etiquetas: Agregar Etiqueta
Sin Etiquetas, Sea el primero en etiquetar este registro!

MARC

LEADER 00000nam a2200000 4500
001 c030329
005 20221219115815.9
041 0 |a eng 
044 |a US 
245 1 0 |a Expansion of Public School Expenditures and Enrollments  |b Intercountry Evidence on the Effects of Income, Prices, and Population Growth  |c T. Paul Schultz 
250 |a 1. ed. 
264 1 |a New Haven  |b Yale University  |c 1988 
300 |a S.167-183 
490 1 |a Center Paper  |v No.410 
830 0 |a Center Paper  |v No.410 
100 1 |a Schultz, T. Paul